Movies Quiz

Random Movies or Nominee Quiz

Acting Oscar Nominees by Director Quiz Stats

 Plays Quiz not verified by Sporcle

Challenge
Share
Tweet
Embed
Score 0/87 Timer 13:00
0 Plays Today
Actor/Actress % Correct
Robert De Niro -- Taxi Driver
96.5%
Robert De Niro -- Raging Bull
96.5%
Robert De Niro -- Cape Fear
96.5%
Morgan Freeman -- Million Dollar Baby
95.1%
Morgan Freeman -- Invictus
95.1%
Leonardo DiCaprio -- The Wolf of Wall Street
94.5%
Diane Keaton -- Annie Hall
94.2%
Clint Eastwood -- Unforgiven
93.5%
Clint Eastwood -- Million Dollar Baby
93.5%
Hilary Swank -- Million Dollar Baby
92.8%
Leonardo DiCaprio -- The Aviator
92.5%
Woody Allen -- Annie Hall
90.5%
Cate Blanchett -- Blue Jasmine
88.4%
Joe Pesci -- Raging Bull
86.8%
Joe Pesci -- Goodfellas
86.8%
Joan Allen -- Nixon
85.6%
Russell Crowe -- A Beautiful Mind
85.5%
Dustin Hoffman -- The Graduate
84%
Gene Hackman -- Unforgiven
83.8%
Philip Seymour Hoffman -- Charlie Wilson's War
81.1%
Matt Damon -- Invictus
80.3%
Cate Blanchett -- The Aviator
80.1%
Meryl Streep -- The Bridges of Madison County
78.4%
Meryl Streep -- Silkwood
78.4%
Meryl Streep -- Postcards from the Edge
78.4%
Jennifer Connelly -- A Beautiful Mind
76.6%
Michael Caine -- Hannah and Her Sisters
75.9%
Sean Penn -- Sweet and Lowdown
75.4%
Sean Penn -- Mystic River
75.4%
Actor/Actress % Correct
Dianne Wiest -- Hannah and Her Sisters
75%
Dianne Wiest -- Bullets Over Broadway
75%
Dianne Wiest -- Parenthood
75%
Tom Cruise -- Born on the Fourth of July
74.2%
Daniel Day-Lewis -- Gangs of New York
71.4%
Jodie Foster -- Taxi Driver
70.8%
Anne Bancroft -- The Graduate
69.4%
Jonah Hill -- The Wolf of Wall Street
68.5%
Willem Dafoe -- Platoon
68%
Mark Wahlberg -- The Departed
67.7%
Penélope Cruz -- Vicky Cristina Barcelona
67.5%
Tim Robbins -- Mystic River
67.5%
Mira Sorvino -- Mighty Aphrodite
64.5%
Ed Harris -- Apollo 13
64.1%
Tommy Lee Jones -- JFK
62.4%
Bradley Cooper -- American Sniper
61.9%
Anthony Hopkins -- Nixon
60.6%
Juliette Lewis -- Cape Fear
60.6%
Sharon Stone -- Casino
58%
Tom Berenger -- Platoon
57.5%
Alan Alda -- The Aviator
56.9%
Angelina Jolie -- Changeling
56.8%
Elizabeth Taylor -- Who's Afraid of Virginia Woolf?
56.8%
Sally Hawkins -- Blue Jasmine
56.4%
Ellen Burstyn -- Alice Doesn't Live Here Anymore
54.8%
Richard Burton -- Who's Afraid of Virginia Woolf?
54.7%
Michael Douglas -- Wall Street
53.6%
Lorraine Bracco -- Goodfellas
52.8%
Marcia Gay Harden -- Mystic River
52.1%
Actor/Actress % Correct
Frank Langella -- Frost/Nixon
51.6%
Cher -- Silkwood
50.4%
Jennifer Tilly -- Bullets Over Broadway
49.9%
Natalie Portman -- Closer
48.3%
Martin Landau -- Crimes and Misdemeanors
47.7%
Paul Newman -- The Color of Money
47.3%
Samantha Morton -- Sweet and Lowdown
46.5%
Cathy Moriarty -- Raging Bull
45.7%
Clive Owen -- Closer
45.2%
Melanie Griffith -- Working Girl
45%
Chazz Palminteri -- Bullets Over Broadway
44.8%
Katharine Ross -- The Graduate
44.6%
Judy Davis -- Husbands and Wives
44.5%
Sigourney Weaver -- Working Girl
43.9%
Winona Ryder -- The Age of Innocence
43.7%
Sandy Dennis -- Who's Afraid of Virginia Woolf?
42.8%
Mariel Hemingway -- Manhattan
42.3%
Joan Cusack -- Working Girl
41.1%
George Segal -- Who's Afraid of Virginia Woolf?
40.9%
James Woods -- Salvador
40.4%
Geraldine Page -- Interiors
39.3%
Kathleen Quinlan -- Apollo 13
38.7%
Diane Ladd -- Alice Doesn't Live Here Anymore
34%
Maureen Stapleton -- Interiors
33.5%
Paul Giamatti -- Cinderella Man
31.9%
Kathy Bates -- Primary Colors
30.8%
Mary Elizabeth Mastrantonio -- The Color of Money
30%
Don Ameche -- Cocoon
29.1%
Ann-Margret -- Carnal Knowledge
24.3%

You're not logged in!

Compare scores with friends on all Sporcle quizzes.
OR
Log In

You Might Also Like...

Show Comments

Extras

Top Quizzes Today


Score Distribution

Your Account Isn't Verified!

In order to create a playlist on Sporcle, you need to verify the email address you used during registration. Go to your Sporcle Settings to finish the process.

Report this User

Report this user for behavior that violates our Community Guidelines.

Details: